Автоматизация сборки в машиностроении: учебное пособие

מידע ביבליוגרפי
מחבר ראשי: Ласуков А. А. Александр Александрович
מחבר תאגידי: Национальный исследовательский Томский политехнический университет (ТПУ)
סיכום:В пособии рассмотрены вопросы технологии автоматической сборки; даны сведения о технологичности конструкций изделий и деталей в сборке. Описана технология автоматической сборки типовых соединений в машиностроении, автоматическое сборочное оборудование и оснастка, роботизированные технологические комплексы и гибкие производственные системы сборки. Предназначено для подготовки бакалавров и инженеров, обучающихся по специальностям 150101«Технология машиностроения» и 151001 «Металлорежущие станки и комплексы».
שפה:רוסית
יצא לאור: Томск, Изд-во ТПУ, 2010
נושאים:
פורמט: ספר
KOHA link:https://koha.lib.tpu.ru/cgi-bin/koha/opac-detail.pl?biblionumber=183665

MARC

LEADER 00000nam0a2200000 4500
001 183665
005 20231101223757.0
010 |a 9785982986016 
035 |a (RuTPU)RU\TPU\book\199118 
090 |a 183665 
100 |a 20100818d2010 m y0rusy50 ca 
101 0 |a rus 
102 |a RU 
105 |a a j 001zy 
200 1 |a Автоматизация сборки в машиностроении  |e учебное пособие  |f А. А. Ласуков  |g Национальный исследовательский Томский политехнический университет (ТПУ) 
210 |a Томск  |c Изд-во ТПУ  |d 2010 
215 |a 176 с.  |c ил. 
320 |a Библиогр.: с. 175. 
330 |a В пособии рассмотрены вопросы технологии автоматической сборки; даны сведения о технологичности конструкций изделий и деталей в сборке. Описана технология автоматической сборки типовых соединений в машиностроении, автоматическое сборочное оборудование и оснастка, роботизированные технологические комплексы и гибкие производственные системы сборки. Предназначено для подготовки бакалавров и инженеров, обучающихся по специальностям 150101«Технология машиностроения» и 151001 «Металлорежущие станки и комплексы». 
452 1 |0 (RuTPU)RU\TPU\book\206980  |t Автоматизация сборки в машиностроении  |o учебное пособие  |f А. А. Ласуков  |g Национальный исследовательский Томский политехнический университет (ТПУ), Юргинский технологический институт (ЮТИ)  |c Томск  |n Изд-во ТПУ  |d 2010  |a Ласуков, Александр Александрович 
606 1 |a Машины  |x Сборка  |x Автоматизация  |2 stltpush  |3 (RuTPU)RU\TPU\subj\41726  |9 61512 
610 1 |a машиностроение 
610 1 |a сборочные процессы 
610 1 |a автоматизация 
610 1 |a конструкции 
610 1 |a технологичность 
610 1 |a автоматическая сборка 
610 1 |a технологические процессы 
610 1 |a проектирование 
610 1 |a учебные пособия 
610 1 |a труды учёных ТПУ 
675 |a 621.757:65.011.56(075.8)  |v 3 
700 1 |a Ласуков  |b А. А.  |c специалист в области машиностроения  |c доцент Юргинского технологического института (филиала) Томского политехнического университета, кандидат технических наук  |g Александр Александрович  |2 stltpush  |3 (RuTPU)RU\TPU\pers\24326 
712 0 2 |a Национальный исследовательский Томский политехнический университет (ТПУ)  |c (2009- )  |2 stltpush  |3 (RuTPU)RU\TPU\col\15902 
801 1 |a RU  |b 63413507  |c 20100818 
801 2 |a RU  |b 63413507  |c 20150623  |g RCR 
900 |a Автоматизированные технологии производства 
942 |c BK